000 00696nam a2200229Ii 4500
003 JO-AjNU
008 230605s9999||||xx |||||||||||||| ||und||
017 _a2015/2/424
020 _a978-9957-562-10-6
040 _aJO-AjNU
_bara
_erda
_cJO-AjNU
041 _aara
050 1 4 _aS571 2022
100 3 _aالكسواني، محمد خليل,
_eauthor
_964271
245 0 0 _aالتسويق الزراعي
250 _aط1
264 3 1 _aعمان:دار الابتكار للنشر والتوزيع،2022
300 _a233ص
336 _atext
_btxt
_2rdacontent
337 _aunmediated
_bn
_2rdamedia
338 _avolume
_bnc
_2rdacarrier
650 4 _aالتسويق-الزراعة
_964272
999 _aA29199
_c32767
_d32767